| 000 | 01281nam a2200337Ia 4500 | ||
|---|---|---|---|
| 001 | ebr10076775 | ||
| 003 | CaPaEBR | ||
| 006 | m u | ||
| 007 | cr cn||||||||| | ||
| 008 | 021029s2003 enk sb 001 0 eng d | ||
| 010 | _z 51031296 | ||
| 020 | _z076196830X | ||
| 020 | _z0761968318 | ||
| 040 |
_aCaPaEBR _cCaPaEBR |
||
| 035 | _a(OCoLC)70734706 | ||
| 050 | 1 | 4 |
_aHM22.F8 _bG36 2003eb |
| 082 | 0 | 4 |
_a301.0944 _221 |
| 100 | 1 | _aGane, Mike. | |
| 245 | 1 | 0 |
_aFrench social theory _h[electronic resource] / _cMike Gane. |
| 260 |
_aLondon ; _aThousand Oaks, Calif. : _bSAGE, _c2003. |
||
| 300 | _axi, 207 p. | ||
| 490 | 1 | _aTheory, culture & society | |
| 504 | _aIncludes bibliographical references (p. [191]-199) and indexes. | ||
| 533 |
_aElectronic reproduction. _bPalo Alto, Calif. : _cebrary, _d2009. _nAvailable via World Wide Web. _nAccess may be limited to ebrary affiliated libraries. |
||
| 650 | 0 |
_aSociology _zFrance _xHistory _y19th century. |
|
| 650 | 0 |
_aSociology _zFrance _xHistory _y20th century. |
|
| 655 | 7 |
_aElectronic books. _2local |
|
| 710 | 2 | _aebrary, Inc. | |
| 830 | 0 | _aTheory, culture & society (Unnumbered) | |
| 856 | 4 | 0 |
_uhttp://site.ebrary.com/lib/rucke/Doc?id=10076775 _zAn electronic book accessible through the World Wide Web; click to view |
| 999 |
_c74012 _d74012 |
||